00446 a2200145 4500020002400000050002100024100001200045245008000057264002200137300001800159500002600177504003900203650004700242651001100289 a0435080164 (pbk.) :00aPL8010 NGU 19870 ad1938-10aDecolonising the mind :bthe politics of language in African literature /c aHararebZPHc1987 axiv, 114 p. ; aDecolonising the mind aIncludes bibliographies and index. 0aAfrican literaturexHistory and criticism. 0aAfrica